000 00667nam a2200193Ia 4500
003 IN-BaIIA
008 211028s9999 xx 000 0 eng d
020 _a0-7382-0693-8
040 _cIIA Library
080 _a92:53
_bGRE
100 _aGreenspan, N. T
_933380
245 4 _aThe end of the certain world
_bthe life and science of Max Born the nobel physicist who ignited the quantum revolution
_cN. T Greenspan
260 _aNew York
_bBasic Books
_c2005
300 _ax, 374p.
650 _aBiography
_91224
650 _aBorn, Max, 1882-1970
_933381
650 _aPhysicsts - Germany - Biography
_933382
942 _cBK
999 _c17632
_d17632